1158 1316 1099 1036 1999 1021 1312 1757 1512 1931 1632 1654 1763 1455 1470 1434 1677 1499 1454 1980 1480 1841 1423 1047 1896 1956 1986 1856 1644 1038 1832 1742 1222 1286 1776 1129 1266 1048 1568 1625 1073 1992 1189 1808 1156 1947 1318 1497 1929 1217 1048 1961 1318 1003 1104 1350 1208 1237 1188 1230 1891 1333 1866 1749 1613 1499 1313 1975 1468 1517 1606 1751 1208 1212 1033 1741 1620 1133 1904 1280 1849 1177 1238 1793 1130 1279 1177 1551 1017 1782 1206 1976 1597 1312 1992 1017 1371 1001 1347 BCNSPRNW ULIB Ver.6.0+V

เปลี่ยนเป็นภาษาไทย

Change to English
 แสดงรายละเอียดบรรณานุกรม
  กลับหน้าหลัก

Brief Record : Get Marc (ISO 2709) : E-mail record : QR code < ปิดหน้าต่าง
LEADER : 00000nam 2200000uu 4500
001    13399122611
003     ULIB
008    130816s2555||||th 000 0 tha d
020    ^a9786167448268
060 04 ^aWJ342^bพ199ต
100 0  ^aพนิดา กุลประสูติดิลก
245 10 ^aไตวาย การควบคุม ดูแลรักษา และการป้องกัน /^cพนิดา กุลประสูติดิลก
250    ^aพิมพ์ครั้งที่ 2
260    ^aกรุงเทพฯ :^bFeel good,^c2555
300    ^a191 หน้า :^bภาพประกอบ ;^c21 ซม.
650  4 ^aไตวาย^xการป้องกันและควบคุม
650  4 ^aไตวาย^xการรักษา
945    ^p155^l0^i033766
945    ^p155^l0^i033767
999    ^aทศพร
รายการนี้ยังไม่มีแท็ก
คุณยังไม่ได้ล็อกอิน คุณสามารถมีกิจกรรมร่วมกับเว็บไซต์ได้ แต่ต้องล็อกอินก่อน ::
  ล็อกอิน

รายการสื่อสารสนเทศ

ลำดับที่ ประเภท เลขเรียก/บาร์โค้ด สถานที่ สถานะ
1. วิทยาศาสตร์การแพทย์ และสุขภาพ
หนังสือสำรอง
สถานะ=หนังสือสำรอง
WJ342 พ199ต ฉ.1 
  Barcode: 033766
ห้องสมุดวิทยาเขตสวรรค์ประชารักษ์
►หนังสือทั่วไป
ถูกยืม กำหนดส่งวันที่ 28 กันยายน 2567
  จอง
2. วิทยาศาสตร์การแพทย์ และสุขภาพ
วิทยาศาสตร์การแพทย์ และสุขภาพ
WJ342 พ199ต ฉ.2 
  Barcode: 033767
ห้องสมุดวิทยาเขตสวรรค์ประชารักษ์
►ส่วนจัดเก็บหนังสือเก่า สปร
บนชั้น
  ขอยืม

รายการใกล้เคียง
    ผู้แต่ง [พนิดา กุลประสูติดิลก]

BibComment


ยังไม่เคยถูกคอมเมนท์

คอมเมนท์ทรัพยากรรายการนี้
  คอมเมนท์: ไตวาย การควบคุม ..


 Copyright 2026. Bcnsprnw @Library